000 01990nam0a2200421 i 4500
001 RU\NLR\BIBL_A\011119347
005 20260406050421.0
010 _a9785160118277
_bprint
010 _a978-5-16-104282-3
_bonline
021 _aRU
_b2016-29664
_91913
035 _a(NILC)RuMoRGB-008278183
035 _a(NLR Aleph) 011119347
090 _a11511704
_c11511704
100 _a20160505d2016 km y0rusy50 ca
101 0 _arus
102 _aRU
105 _ay|||z|||000yy
200 1 _aКоррекционная помощь детям раннего возраста с органическим поражением центральной нервной системы в группах кратковременного пребывания
_eпособие
_f[Е. А. Стребелева и др.]
_gпод ред. Е. А. Стребелевой
205 _a4-е изд., испр. и доп.
210 _aМосква
_cИНФРА-М
_d2016
215 _a127 с.
_d21
225 1 _aПрактическая педагогика
_eПП
606 1 _aДети с нарушением интеллекта
_jМетодические пособия
_xВоспитание и обучение
_92299326
_3RU\NLR\AUTH\661376686
606 _aДети раннего возраста
_jМетодические пособия
_xРеабилитация психосоциальная
_92283425
_3RU\NLR\AUTH\661367942
610 0 _aдети с поражением центральной нервной системы
610 0 _aдефектология
675 _a376
686 1 _aЧ491.08я8
686 1 _aЧ435.191я8
686 1 _aЮ983.401.1я78
686 1 _aС550.325.2я78
702 1 _4220
_4340
_8rus
_7ca
_aСтребелева
_bЕ. А.
_gЕлена Антоновна
_3RU\NLR\AUTH\775898
_9115856
801 0 _aRU
_bРГБ
_c20160412
_gRCR
801 1 _aRU
_bРГБ
_c20160412
_2rusmarc
942 _cBOOK
980 _aNBR